Datum a čas kvízu
31.5
Celkem bodů
Celkový počet nahraných bodů na tomto kvízu bez doplňovacích otázek.
5.
Pořadí na kvízu
Konečné umístění týmu na tomto kvízu.
Zaznamenané odpovědi
| # | Otázka | Odpověď | Body | Výsledky |
|---|---|---|---|---|
| 1. | Minulý týden se publicista a ř... | kvůli alkoholu | 0 | |
| 2. | Mladý chirurg z Tchaj-peje si... | C) vasektomii (sterilizaci) | 1 | |
| 3. | Minulý týden jsme se dozvěděli... | Praha | 1 | |
| 4. | Jak se nazývá zvířecí znamení... | had | 1 | |
| 5. | O víkendu proběhly v Ostravě k... | (Jižní) Korea, Tomáš Berdych | 1 | |
| 6. | Začneme největšími společnými... | Poupata, Michal David | 1 | |
| 7. | Napište anglický dvouslovný ná... | step aerobic | 1 | |
| 8. | Tato cvičební metoda se snaží... | Pilates | 1 | |
| 9. | Bikram jóga je speciální druh... | C) cvičí se v sále vyhřátém na 42 °C | 1 | |
| 10. | Tato žena se narodila v roce 1... | Jane Fonda | 1 |